000 00319nam a22001217a 4500
008 160422b xxu||||| |||| 00| 0 eng d
020 _a9780721603575
020 _a100721603572
041 _aeng
080 _a618.2
245 _aCore curriculum for oncology nursing:
_cJoanne K. Itano; Karen N. Taoka;
942 _2udc
_cBK
999 _c1505
_d1505